000 00985cam a22002651 4500
001 sd 46000048
003 DLC
005 20260227112735.0
008 940923s1946 nyu b 000 0 eng c
010 _asd 46000048
035 _a(OCoLC)31164038
040 _aU.S. Dept. of State. Libr.
_cIEN
_dDLC
042 _apremarc
050 0 0 _aD410
_b.F65 vol. 22, no. 15
082 _a341.1
100 1 _aLaves, Walter Hermann Carl,
_d1902-
245 0 4 _aThe United Nations Secretariat,
_cby Walter H.C. Laves and Donald C. Stone.
260 _aNew York, N.Y.,
_bForeign Policy Association, Incorporated
_c[1946]
300 _a1 p. l., 183-191, [1] p.
_c27 cm.
490 0 _aForeign policy reports,
_vvol. XXII, no. 15. October 15, 1946
500 _a"Functions of the UN Secretariat, by Walter H.C. Laves and Donald C. Stone": p. [192]
504 _aBibliographical foot-notes.
610 2 0 _aUnited Nations.
_bSecretariat.
700 1 _aStone, Donald Crawford,
_d1903-
_ejoint author.
999 _c89972
_d89972